Normal view
MARC view
Entry Personal Name
001 - CONTROL NUMBER
- control field: 58586
003 - CONTROL NUMBER IDENTIFIER
- control field: dpl
005 - DATE AND TIME OF LATEST TRANSACTION
- control field: 20231113160808.0
008 - FIXED-LENGTH DATA ELEMENTS
- fixed length control field: 231113|| aca||aabn | a|a d
040 ## - CATALOGING SOURCE
- Original cataloging agency: dpl
- Transcribing agency: dpl
100 ## - HEADING--PERSONAL NAME
- Personal name: Govind, Rahul
670 ## - SOURCE DATA FOUND
- Source citation: Work cat.: (dpl)197919: Govind, Rahul, The Infinite Double:, 2015
